Départements français qui battent le Québec - Statistiques

Statistiques générales
  • Ce quiz a été pris 404 fois
  • Le résultat moyen est 12 sur 20
Statistiques - réponses
Rang Catégorie Départements % Correct
4 PIB par habitant Hauts-de-Seine | Paris | Rhône
98%
13 Point culminant le plus élevé Haute-Savoie | Hautes-Alpes | Isère | Savoie | Alpes-de-Haute-Provence | Hautes-Pyrénées | Haute-Garonne | Ariège | La Réunion | Alpes-Maritimes | Pyrénées-Atlantiques | Pyrénées-Orientales
94%
2 Premier à accueillir les Jeux Olympiques d'été Paris
88%
2 Ville la plus devinée sur JetPunk Paris
84%
3 Plus proche de Cuba Guadeloupe | Martinique
82%
3 Plus peuplé en 1900* Seine | Nord
79%
3 Plus grande île Haute-Corse/Corse-du-Sud
75%
3 Plus grande ville commençant par "S" Bas-Rhin | Loire
74%
13 Record de chaleur le plus faible Aveyron | Ariège | Isère | Haute-Savoie | Savoie | Territoire-de-Belfort | Doubs | Haute-Vienne | Bas-Rhin | Manche | Morbihan | Finistère
71%
2 Densité de population la plus faible Guyane
66%
7 Commune la plus densément peuplée (hors IDF) Rhône | Nord | Isère | Meurthe-et-Moselle | Haute-Savoie | Alpes-Maritimes
64%
3 Altitude minimum la plus basse Bouches-du-Rhône | Nord
62%
4 Eglise/cathédrale la plus haute Oise | Seine-Maritime | Bas-Rhin
54%
5 Contenant le plus de "U" Corse-du-Sud | Guadeloupe | Bouches-du-Rhône | Vaucluse
44%
14 Moins de chômage Ille-et-Vilaine | Lozère | Aveyron | Cantal | Corrèze | Deux-Sèvres | Vendée | Mayenne | Manche | Loir-et-Cher | Côte-d'Or | Ain | Nièvre
34%
2 Taux d'obésité le plus élevé Nord
30%
2 Où Jacques Cartier vécut le plus longtemps Ille-et-Vilaine
27%
3 Page Wikipédia la plus consultée** La Réunion | Guadeloupe
20%
2 Commune la moins peuplée Drôme
16%
2 Commune la moins étendue Gironde
9%
Aucun quiz correspondant
Distribution des résultats
% des personnes avec chaque résultat
Percentile par nombre de réponses
Votre historique - résultats
Vous n’avez pas pris ce quiz